Normal view
MARC view
- Fenn, Peter
Entry Personal Name
001 - CONTROL NUMBER
- control field: 41862
003 - CONTROL NUMBER IDENTIFIER
- control field: DLC
005 - DATE AND TIME OF LATEST TRANSACTION
- control field: 20181101111140.0
008 - FIXED-LENGTH DATA ELEMENTS
- fixed length control field: 890316n| azannaab |n aaa
010 ## - LIBRARY OF CONGRESS CONTROL NUMBER
- LC control number: n 88201941
040 ## - CATALOGING SOURCE
- Original cataloging agency: DLC
- Language of cataloging: eng
- Transcribing agency: DLC
- Modifying agency: DLC
- Modifying agency: EG-ScBUE
100 1# - HEADING--PERSONAL NAME
- Personal name: Fenn, Peter
670 ## - SOURCE DATA FOUND
- Source citation: His A semantic and pragmatic examination of the English perfect, 1987:
- Information found: t.p. (Peter Fenn) p. ix (PhD., Univ. of Tübingen, Fachbereich Neuphilologie)